| 000 | 01720cam a2200397 i 4500 | ||
|---|---|---|---|
| 001 | ocn912508161 | ||
| 005 | 20190826082515.0 | ||
| 006 | m o d | ||
| 007 | cr ||||||||||| | ||
| 008 | 180625s2016 njua r 001 0 eng d | ||
| 010 | _a 2015025786 | ||
| 020 | _z9781119142362 | ||
| 020 | _a9781119232605 | ||
| 020 | _z1119142369 | ||
| 020 | _z9781119142270 | ||
| 020 | _z111914227X | ||
| 020 | _a9781119142287 | ||
| 020 | _z9781118875896 | ||
| 035 | _a(OCoLC)912508161 | ||
| 040 |
_aCo-BoUCM _beng _erda _cSaul Niño _dSaul Niño |
||
| 041 | 0 | _aspa | |
| 060 | 1 | 0 | _aQU 450 |
| 060 | 1 | 0 | _aQH 430 |
| 100 | 1 |
_aSnustad, D. Peter _ea _992946 |
|
| 245 | 1 | 0 |
_aPrinciples of genetics _cD. Peter Snustad, Michael J. Simmons. |
| 250 | _aSéptima edición | ||
| 260 |
_aNew Jersey _bWiley _c2016 |
||
| 300 |
_axx, 627 páginas _bilustraciones |
||
| 520 | _a"Principles of Genetics is one of the most popular texts in use for the introductory course. It opens a window on the rapidly advancing science of genetics by showing exactly how genetics is done. Throughout, the authors incorporate a human emphasis and highlight the role of geneticists to keep students interested and motivated. The 7th edition has been updated to reflect the latest developments in the field of genetics. Principles of Genetics continues to educate todays students for tomorrows science by focusing on features that aid in content comprehension and application"--Provided by publisher. | ||
| 546 | _aTexto en inglés | ||
| 650 | 7 |
_aGenética _9207 |
|
| 650 | 0 |
_986604 _aFenómenos genéticos |
|
| 700 | 1 |
_aSimmons, Michael J. _992945 |
|
| 942 |
_2NLM _a25 _cLIBRORESER _e7 _hQH 430 _mS674g |
||
| 999 |
_c309744 _d309744 |
||